Introducción General a las Enéadas
Furkejuvvon:
| Váldodahkki: | |
|---|---|
| Materiálatiipa: | Girji |
| Giella: | Undetermined |
| Almmustuhtton: |
Buenos Aires, Argentina
Losada
1948
|
| Fáttát: | |
| Fáddágilkorat: |
Lasit fáddágilkoriid
Eai fáddágilkorat, Lasit vuosttaš fáddágilkora!
|
MARC
| LEADER | 00000nam a2200000Ia 4500 | ||
|---|---|---|---|
| 008 | 170316s9999 xx 000 0 und d | ||
| 090 | |a 100 G-10int | ||
| 100 | |a García Bacca, Juan David | ||
| 245 | |a Introducción General a las Enéadas | ||
| 260 | |a Buenos Aires, Argentina | ||
| 260 | |b Losada | ||
| 260 | |c 1948 | ||
| 300 | |a 164 páginas | ||
| 650 | |a FILOSOFÍA | ||
| 650 | |a SOLEDAD | ||
| 650 | |a KANT | ||
| 650 | |a PLOTINO | ||
| 650 | |a TEOLOGÍA MISTICA | ||
| 650 | |a DIALÉCTICA MISTICA | ||
| 650 | |a ANGUSTIA TRASCENDENTAL - HEIDEGGER | ||
| 650 | |a HEGEL | ||
| 650 | |a DIALÉCTICA ASCENDENTE | ||
| 650 | |a DIALÉCTICA DESCENDENTE | ||
| 650 | |a PLATÓN | ||
| 650 | |a ESCRITOS DE PLOTINO - LAS ENEADAS | ||
| 999 | |c 16247 |d 16247 | ||
| 040 | |a cru BVZT | ||
| 942 | |c 15 D |h 100 G-10int |2 z | ||
